Direito constitucional comparado / (Record no. 710)
[ view plain ]
| 000 -LÍDER | |
|---|---|
| Campo Fixo de Controle | 00732nam a2200229 a 4500 |
| 001 - NÚMERO DE CONTROLE | |
| Campo de Controle | 710 |
| 003 - IDENTIFICAÇÃO DO NÚMERO DE CONTROLE | |
| Campo de Controle | BR-CuiBMT |
| 005 - DATA E HORA DA ÚLTIMA ATUALIZAÇÃO | |
| Campo de Controle | 20231129134802.0 |
| 008 - DADOS FIXOS | |
| Dados Fixos | 231114s1997 mgb | 000 0 por d |
| 040 ## - AGÊNCIA CATALOGADORA | |
| Código da Agência Catalogadora | BR-CuiBMT |
| Agência que transcreveu o registro | BR-CuiBMT |
| 080 ## - Nº DA CLASSIFICAÇÃO DECIMAL UNIVERSAL | |
| Nº edição CDU | 2007 |
| Nº Class. CDU | 342:340.5 |
| 090 ## - NÚMERO DE CHAMADA | |
| Nº classificação | 342:340.5 |
| Cutter | F565d |
| Ano/Edição | 3. ed. |
| 100 ## - ENTRADA PRINCIPAL -- AUTOR PESSOAL | |
| Nome pessoal | Fiuza, Ricardo Arnaldo Malheiros |
| Datas associadas ao nome | 1937-2019 |
| 245 ## - TÍTULO PRINCIPAL | |
| Título principal | Direito constitucional comparado / |
| Indicação de responsabilidade | Ricardo Arnaldo Malheiros Fiuza. |
| 250 ## - EDIÇÃO | |
| Edição | 3. ed., rev., atual. e ampl. |
| 260 ## - PUBLICAÇÃO, DISTRIBUIÇÃO, ETC. | |
| Local de publicação | Belo Horizonte : |
| Editora | Livraria Del Rey, |
| Data | 1997. |
| 300 ## - DESCRIÇÃO FÍSICA | |
| N. páginas ou volumes | 368 p. ; |
| Dimensões | 22 cm |
| 504 ## - NOTA DE BIBLIOGRAFIA, ETC. | |
| Nota de bibliografia | inclui bibliografia. |
| 650 ## - ASSUNTO TÓPICO | |
| Cabeçalho tópico ou nome geográfico | Direito constitucional |
| Subdivisão geográfica | Brasil |
| 650 ## - ASSUNTO TÓPICO | |
| Cabeçalho tópico ou nome geográfico | Direito comparado |
| Subdivisão geral | Poder judiciário |
| Subdivisão geográfica | Brasil |
| 942 ## - ELEMENTOS DE ENTRADA ADICIONAIS (KOHA) | |
| Fonte de classificação ou esquema de arquivamento | Classificação Decimal Universal |
| Tipo de item do Koha | Livros |
| Estado: removido | Estado: perdido | Fonte de classificação ou esquema de arquivamento | Estado: danificado | Indisponível para empréstimo | Localização permanente | Localização atual | Data de aquisição | Total Checkouts | Número de Chamada completo | Código de barras | Date last seen | Número do exemplar | Preço efetivo a partir de | Tipo de item (Koha) |
|---|---|---|---|---|---|---|---|---|---|---|---|---|---|---|
| Classificação Decimal Universal | Biblioteca da Escola Superior de Contas do TCE/MT | Biblioteca da Escola Superior de Contas do TCE/MT | 14/11/2023 | 342:340.5 F565d 3. ed. | BIBTCEMT23110561 | 14/11/2023 | Ex. 1 | 14/11/2023 | Livros |